000 00469nam a2200181Ia 4500
008 170705s9999 xx 000 0 und d
020 _a9780439510988
245 _aIf pigs could fly :
245 _band other deep thoughts /
245 _cpoems by Bruce Lansky ; illustrated by Stephen Carpenter.
260 _aNew York :
260 _bScholastic,
260 _c2000
300 _a83 pages :
300 _billustrations ;
300 _c23cm.
500 _a800
999 _c337312
_d337312